| 000 | 00593nam a2200205 i 4500 | ||
|---|---|---|---|
| 001 | bg | ||
| 100 | 1 | _aMarian Kordek. | |
| 245 | 1 | 0 |
_aTechnologia ceramiki. _nCz. 1 / _cMarian Kordek. |
| 260 |
_aWarszawa : _bWydawnictwa Szkolne i Pedagogiczne, _c1975. |
||
| 300 |
_a199, [1] s., [1] k. złoż. : _bil. ; _c21 cm. |
||
| 504 | _aBibliogr. s. [200]. | ||
| 650 | 9 |
_aCeramika _xtechnologia |
|
| 655 | _aPodręczniki dla szkół zawodowych | ||
| 040 | _cBPK | ||
| 041 | _apol | ||
| 044 | _aPOL | ||
| 080 | _a666.3/.7(075.3-021.66) | ||
| 942 | _cKS | ||
| 008 | s pl f |000 0 pol | ||
| 999 |
_c50786 _d50786 |
||
| 856 |
_uhttp://koha.tu.koszalin.pl/cgi-bin/koha/opac-detail.pl?biblionumber=50786 _yKatalog online BPK |
||